000 00849nam a2200277 a 4500
001 43416
003 BD-RjUL
005 20211209053708.0
008 160621s1981 sz a b i000 0 eng
035 _a(BD-RjUL) 43534
040 _aDLC
_cDLC
_dMYG
_dBD-RjUL
_beng
041 _aeng
082 _223
_a331.12091724
_bOBC 1981
099 _aHD5852.O23
100 1 _aOberai, A. S.
_9133337
245 1 0 _aChanges in the structure of employment with economic development /
_cA. S. Oberai.
250 _a2nd ed.
260 _aGeneva :
_bInternational Labour Office,
_c1981.
300 _a66 p. :
_bill. ;
_c24 cm.
490 1 _aWEP study
504 _aIncludes bibliographical references.
650 0 _aLabor supply
_zDeveloping countries.
_9133338
650 0 _aEconomic development.
_9133339
830 0 _aWEP study.
_9133340
942 _2ddc
_cBK
999 _c43416
_d43416